Rǧimen jurd̕ico de las cooperativas de Cantabria

Detalles Bibliográficos
Autor principal: Gadea Soler, Enrique
Otros Autores: Diez ℓcimas, Luis ℓngel
Formato: eBook
Lenguaje:español
Publicado: Madrid: Dykinson, 2014
Materias:
Acceso en línea:Acceso restringido

MARC

LEADER 00000nam a22000007a 4500
005 20150518213846.0
007 cr|||| ||||
008 150518s2014 es |||||s|||| 00||0 spa d
020 |a 978-84-9085-190-6 
035 |a 12698 
040 |a vLex 
090 |c 5428  |d 5428 
100 1 |a Gadea Soler, Enrique 
245 1 0 |a Rǧimen jurd̕ico de las cooperativas de Cantabria  |h [Recurso electrn̤ico] /  |c Enrique Gadea Soler, Luis ℓngel Diez ℓcimas 
256 |a Servicio en ln̕ea 
260 |a Madrid:  |b Dykinson,  |c 2014 
300 |a 1 recurso electrn̤ico 
500 |a Anl̀isis de la Ley 6/2013, de 6 de noviembre, de Cooperativas de Cantabria. 
506 1 |a Disponible solo en los productos indicados  |d vLex Global  |d vLex Global (Academic Edition, excluding Law Schools)  |d vLex Global (U.S. Academic Edition, Law Schools)  |d vLex Global (U.S. Academic Edition, excluding Law Schools)  |d vLex Global (Academic Edition, Law Schools) 
650 0 4 |a Derecho Mercantil y de la Empresa  |z Espaą 
700 1 |a Diez ℓcimas, Luis ℓngel 
740 0 |a vLex Libros (Servicio en ln̕ea) 
856 4 0 |u http://vlex.com/source/regimen-juridico-cooperativas-cantabria-12698  |z Acceso restringido 
942 |c BOOK 
999 0 |a Commercial Law and Business